ბათუმის შოთა რუსთაველის სახელმწიფო უნივერსიტეტის ბიბლიოთეკა

მანქანა–ავტომატების თეორიის ძირითადი საფუძვლები : დამხმ. სახელმძღ. / (ბიბ.ჩანაწერი № 37426)

000 -ლიდერი
ფიქსირებული სიგრძის საკონტროლო ველი 01072nam a2200217Ia 4500
001 - საკონტროლო ნომერი
საკონტროლო ველი 3385
003 - საკონტროლო ნომრის იდენტიფიკატორი
საკონტროლო ველი GE_BSU
005 - ბოლო ოპერაციის თარიღი და დრო
საკონტროლო ველი 20190606162749.0
008 - ფიქსირებული სიგრძის მონაცემთა ელემენტები - ზოგადი ინფორმაცია
ფიქსირებული სიგრძის საკონტროლო ველი 181216s1984|||| |||||||||||||| ||geo||
040 ## - კატალოგიზაციის წყარო
Transcribing agency GE_BSU
041 ## - ენის კოდი
Language code of text/sound track or separate title geo
080 ## - უნივერსალური ათობითი კლასიფიკაციის ინდექსი
Universal Decimal Classification number 681.51.01(075.8) გ–19
100 ## - მთავარი ჩანაწერი - პიროვნების სახელი
Personal name გამრეკელი, ს.
9 (RLIN) 1984
245 ## - ცნობა სათაურის შესახებ
Title მანქანა–ავტომატების თეორიის ძირითადი საფუძვლები : დამხმ. სახელმძღ. /
Statement of responsibility, etc ს. გამრეკელი ; რედ : მ. ძიძიგური.
264 ## - წარმოების, გამოცემის, დისტრიბუციის და სხვა ცნობები
გამოცემის, წარმოების, დისტრიბუციის... ადგილი თბილისი :
გამოცემის, წარმოების, დისტრიბუციის... სახელწოდება სპი,
გამოცემის, წარმოების, დისტრიბუციის... თარიღი 1981.
300 ## - ფიზიკური აღწერა
Extent 115 გვ .:
Other physical details 71 ილ; 5 ცხრ.
Dimensions 22 სმ.
653 ## - INDEX TERM--UNCONTROLLED
Uncontrolled term მანქანა–ავტომატების თეორია
653 ## - INDEX TERM--UNCONTROLLED
Uncontrolled term მანქანა–ავტომატების თეორიის ძირითადი საფუძვლები
700 ## - ADDED ENTRY--PERSONAL NAME
Personal name ძიძიგური, მ
Relator term რედაქტორი
9 (RLIN) 472
942 ## - ADDED ENTRY ELEMENTS (KOHA)
Koha item type წიგნი
Source of classification or shelving scheme
ეგზემპლარები
ჩამოწერის სტატუსი დაკარგული ეგზემპლარის სტატუსი კლასიფიკაციის წყარო ან თაროზე გაწყობის სქემა დაზიანების სტატუსი არ გაიცემა მუდმივი მდებარეობა (დაცვის ადგილი) ამჟამინდელი ადგილსამყოფელი თაროზე განთავსების ადგილი შეძენის თარიღი ღირებულება, შესყიდვის ნორმალური ფასი სრული შენახვის შიფრი შტრიხკოდი ბოლო ოპერაციის თარიღი ეგზემპლარის მიმდევრობითი ნომერი (კეტერი?) ფასის ძალაში შესვლის თარიღი ეგზემპლარის სახეობა საჯარო შენიშვნა
          ტექნოლოგიური ფაკულტეტის ბიბლიოთეკა ტექნოლოგიური ფაკულტეტის ბიბლიოთეკა წიგნსაცავი 2018-12-17 0.00 681.51.01(075.8) გ–19 10552 2018-12-17 10552 2018-12-17 წიგნი 0.40 თ.
          ტექნოლოგიური ფაკულტეტის ბიბლიოთეკა ტექნოლოგიური ფაკულტეტის ბიბლიოთეკა წიგნსაცავი 2018-12-17   681.51.01(075.8) გ–19 10553 2018-12-17 10553 2018-12-17 წიგნი 0.40 თ.
          ტექნოლოგიური ფაკულტეტის ბიბლიოთეკა ტექნოლოგიური ფაკულტეტის ბიბლიოთეკა წიგნსაცავი 2018-12-17 0.00 681.51.01(075.8) გ–19 10554 2018-12-17 10554 2018-12-17 წიგნი 0.40 თ.
          ტექნოლოგიური ფაკულტეტის ბიბლიოთეკა ტექნოლოგიური ფაკულტეტის ბიბლიოთეკა წიგნსაცავი 2018-12-17 0.00 681.51.01(075.8) გ–19 10555 2018-12-17 10555 2018-12-17 წიგნი 0.40 თ.
          ტექნოლოგიური ფაკულტეტის ბიბლიოთეკა ტექნოლოგიური ფაკულტეტის ბიბლიოთეკა წიგნსაცავი 2018-12-17 0.00 681.51.01(075.8) გ–19 10556 2018-12-17 10556 2018-12-17 წიგნი 0.40 თ.